Hàn Mặc Tử, hương thơm và mật đắng
Sách giới thiệu về thân thế cũng như các tác phẩm của Hàn Mặc Tử, thi sĩ lãng mạn nổi tiếng của Việt Nam ở thế kỷ XX. Nội dung được giới thiệu theo thứ tự như sau: Đời riêng; Người thân và bạn bè; Những người thân yêu; Hàn Mặc Tu...
保存先:
| 第一著者: | |
|---|---|
| フォーマット: | 図書 |
| 言語: | Undetermined |
| 出版事項: |
Hà Nội
Hội Nhà Văn
1997
|
| 主題: | |
| タグ: |
タグ追加
タグなし, このレコードへの初めてのタグを付けませんか!
|
| Thư viện lưu trữ: | Trung tâm Học liệu Trường Đại học Cần Thơ |
|---|
| LEADER | 01151nam a2200181Ia 4500 | ||
|---|---|---|---|
| 001 | CTU_20289 | ||
| 008 | 210402s9999 xx 000 0 und d | ||
| 082 | |a 895.9221092 | ||
| 082 | |b H105 | ||
| 100 | |a Hàn Mặc Tử | ||
| 245 | 0 | |a Hàn Mặc Tử, hương thơm và mật đắng | |
| 245 | 0 | |c Hàn Mặc Tử | |
| 260 | |a Hà Nội | ||
| 260 | |b Hội Nhà Văn | ||
| 260 | |c 1997 | ||
| 520 | |a Sách giới thiệu về thân thế cũng như các tác phẩm của Hàn Mặc Tử, thi sĩ lãng mạn nổi tiếng của Việt Nam ở thế kỷ XX. Nội dung được giới thiệu theo thứ tự như sau: Đời riêng; Người thân và bạn bè; Những người thân yêu; Hàn Mặc Tử qua ký ức của bạn bè; Những trang bình luận; Sự tích những trang thơúngau cùng là phần phụ lục về những lầm lẫn đáng tiếc trong dư luận | ||
| 650 | |a vietnamese poetry - 20th century - history and criticism | ||
| 980 | |a Trung tâm Học liệu Trường Đại học Cần Thơ | ||